Catálogo
 En Linea

Histoire D´un squelette / (Registro nro. 33754)

Detalles MARC
000 -CABECERA
campo de control de longitud fija 00495nam a2200169 a 4500
001 - NÚMERO DE CONTROL
campo de control 000034263
005 - FECHA Y HORA DE LA ÚLTIMA TRANSACCIÓN
campo de control 20200930070921.0
008 - DATOS DE LONGITUD FIJA--INFORMACIÓN GENERAL
campo de control de longitud fija 110929s2006 use 000 0 spa d
020 ## - NÚMERO INTERNACIONAL ESTÁNDAR DEL LIBRO
Número Internacional Estándar del Libro 2877308391
040 ## - FUENTE DE LA CATALOGACIÓN
Centro catalogador/agencia de origen DO-SdBNP
Lengua de catalogación spa
Centro/agencia transcriptor BNPHU
100 1# - ENTRADA PRINCIPAL--NOMBRE DE PERSONA
Nombre de persona Eiki, Matayoshi
9 (RLIN) 59683
240 10 - TÍTULO UNIFORME
Título uniforme Jinkotsu Tenjikan
Lenguaje de la obra Francés
245 10 - MENCIÓN DE TÍTULO
Título Histoire D´un squelette /
Mención de responsabilidad, etc. Matayoshi Eiki.
260 ## - PUBLICACIÓN, DISTRIBUCIÓN, ETC.
Lugar de publicación, distribución, etc. Japan :
Nombre del editor, distribuidor, etc. Philippe picquier,
Fecha de publicación, distribución, etc. 2006.
300 ## - DESCRIPCIÓN FÍSICA
Extensión 240 p. ;
Dimensiones 20 cm.
500 ## - NOTA GENERAL
Nota general Treducido del idioma japones
Existencias
Estado de retiro Estado de pérdida Restricciones de uso No para préstamo Código de colección Localización permanente Ubicación/localización actual Ubicación en estantería Fecha de adquisición Número de inventario Total de préstamos Signatura topográfica completa Código de barras Fecha visto por última vez Precio válido a partir de Tipo de ítem Koha
        Monografías: Libros y Folletos General General Orden iniciada 29.09.2011 LF1   34263-10 25.06.2020 25.06.2020 No se presta

Con tecnología Koha